Ejercicios de biofísica

Sábháilte in:
Sonraí bibleagrafaíochta
Príomhchruthaitheoir: Cabrera, Ricardo
Údar corparáideach: e-libro, Corp
Formáid: Ríomhleabhar
Teanga:Spáinnis
Foilsithe / Cruthaithe: Buenos Aires, Argentina : Eudeba, 2010.
Sraith:No me salen
Ábhair:
Rochtain ar líne:https://elibro.unach.elogim.com/es/lc/unach/titulos/66250
Clibeanna: Cuir clib leis
Níl clibeanna ann, Bí ar an gcéad duine le clib a chur leis an taifead seo!

MARC

LEADER 00000nam a2200000 a 4500
001 ELB66250
003 FlNmELB
006 m o d |
007 cr cn|||||||||
008 201108r2010 ag |||||s|||||||||||spa d
020 |z 9789502317335 
035 |a (MiAaPQ)EBC3194500 
035 |a (Au-PeEL)EBL3194500 
035 |a (CaPaEBR)ebr10485873 
035 |a (OCoLC)1105413169 
040 |a FlNmELB  |b spa  |c FlNmELB 
050 4 |a QC32  |b C117 2010 
080 |a 53 
082 0 4 |a 530  |2 22 
100 1 |a Cabrera, Ricardo. 
245 1 0 |a Ejercicios de biofísica  |h [recurso electronico] /  |c Ricardo Cabrera. 
260 |a Buenos Aires, Argentina :  |b Eudeba,  |c 2010. 
300 |a 221 p. 
440 0 |a No me salen 
533 |a Recurso electrónico. Santa Fe, Arg.: e-libro, 2015. Disponible vía World Wide Web. El acceso puede estar limitado para las bibliotecas afiliadas a e-libro. 
650 0 |a Física  |x Problemas y ejercicios. 
650 0 |a Physics  |x Problems, exercises, etc. 
653 |a Fisica 
655 4 |a Libros electrónicos. 
710 2 |a e-libro, Corp. 
856 4 0 |u https://elibro.unach.elogim.com/es/lc/unach/titulos/66250